| 000 | 00374 a2200169 4500 | ||
|---|---|---|---|
| 001 | 68932 | ||
| 020 | _a8516013359 | ||
| 040 | _cAnchieta - Itaigara | ||
| 100 | _aRomanelli, Edgard | ||
| 240 | 1 | 0 |
_aO bem com o bem se paga _lpor |
| 245 | 1 | 0 | _aO bem com o bem se paga |
| 300 | _a31 | ||
| 362 | 0 | _a1996 | |
| 440 | 1 | _aModerna | |
| 650 | 4 | _aLiteratura infantil | |
| 942 | _cBK | ||
| 999 |
_c68932 _d68932 |
||